000 00549cam a2200145 4500500
005 20260208010541.0
041 _afre
042 _adc
100 1 0 _aEngel, Pascal
_eauthor
245 0 0 _aIrène Rosier-Catach, La parole efficace. Signe, rituel, sacré, Paris, Le Seuil, 2004, 780 p.
260 _c2005.
500 _a42
786 0 _nRevue philosophique de la France et de l'étranger | 130 | 1 | 2005-03-01 | p. 77zv-130zv | 0035-3833
856 4 1 _uhttps://shs.cairn.info/revue-philosophique-2005-1-page-77zv?lang=fr&redirect-ssocas=7080
999 _c1657087
_d1657087